| 000 | 00722cam a22001815a 4500 | ||
|---|---|---|---|
| 001 | L156376 | ||
| 008 | 120515s1840 xxk f 000 0 eng d | ||
| 035 | _a(Sirsi) u156376 | ||
| 041 | 0 | _aeng | |
| 100 | 1 |
_aLewis, Samuel _dd. 1865 |
|
| 245 | 0 | 0 |
_aView of the representative history of England _bwith engraved plans, shewing the electoral divisions of the several counties, and the former and present boundaries of the cities and boroughs |
| 260 |
_aLondon _bS. Lewis _c1840 |
||
| 300 |
_aviii, 83, 2, 5 p., 116 leaves of plates _bchiefly maps _c34 cm. |
||
| 583 | 0 |
_aCondition reviewed _c20120620 _lcondition level 4, missing spine and loose boards |
|
| 651 | 4 | _aEngland | |
| 690 | _aBusiness and management | ||
| 942 | _n0 | ||
| 999 |
_c114221 _d114221 |
||